Cities Hit By A Major Natural Disaster (Hard) - Statistics

General Stats
  • This quiz has been taken 10 times
  • The average score is 6 of 13
Answer Stats
Hint Answer % Correct
One of the earliest recorded hurricanes hit this coastal Texas town in 1900 Galveston
89%
Hit by one of, if not the most well known hurricane in 2005 New Orleans
89%
One of the most well-known volcanic eruptions of all time hit this small Italian town Pompeii
89%
This small Appalachian city-and a large area around it-devastated by a powerful category 4 hurricane Asheville
78%
One of the most devastating earthquakes in Japanese history, caused fires which produced most of the damage Tokyo
56%
A coastal neighborhood was almost completely burned down in January 2025 Los Angeles
44%
Suffered catastrophic damage from a tsunami, located somewhere in Indonesia Banda Aceh
33%
Hit by a fire quite aptly named the Camp Fire Paradise
22%
The site of the latest EF5 tornado, as of October 2025 Enderlin
11%
Sustained extreme damage from a multiple-vortex EF4 tornado, with a wind gust of over 300 mph recorded Greenfield
11%
An extremely long-tracked tornado devastated this town in 2021 Mayfield
11%
Another town that was completely flattened by a tsunami Minamisanriku
11%
Struck by not one, but TWO EF or F5 tornadoes Moore
11%
No matching quizzes found
Score Distribution
Percent of People with Each Score
Percentile by Number Answered
Your Score History
You have not taken this quiz